| 000 | 00396nam a2200169Ia 4500 | ||
|---|---|---|---|
| 005 | 20250425160921.0 | ||
| 008 | 250425s9999 xx 000 0 und d | ||
| 041 | _aspa | ||
| 082 | _a330.8 | ||
| 245 | 0 | _aCONFERENCIA ECONOMICA LATINOAMERICANA | |
| 250 | _a1A ED. | ||
| 260 |
_aEcuador _bBANCO CENTRAL DEL ECUADOR _c1984 |
||
| 260 | _aS.L. | ||
| 300 | _a46 | ||
| 942 | _c01 | ||
| 010 | _a8281 | ||
| 999 |
_c198802 _d198802 |
||